|
|
|
|
| LEADER |
01318nab#a2200493#ar4500 |
| 001 |
000114913 |
| 003 |
SVKKK |
| 005 |
20150303101459.0 |
| 008 |
150303c2004 xo |||||||||||||||b|slo |
| FMT |
|
|
|
| 015 |
|
|
|a SNBRB2015/3
|
| 038 |
|
|
|a SVKKK
|
| 040 |
|
|
|a SVKKK
|b slo
|e AACR2
|
| 041 |
0 |
|
|a slo
|b ger
|
| 044 |
|
|
|a xo
|c SK
|
| 080 |
|
|
|a 902
|2 2008
|
| 080 |
|
|
|a 902.2
|2 2008
|
| 090 |
|
|
|a V.228806
|
| 100 |
1 |
|
|a Hunka, Ján
|4 aut
|
| 245 |
1 |
0 |
|a Nové lokality v intraviláne Čápora
|c Ján Hunka, Ondrej Ožďáni
|
| 504 |
|
|
|a Bibliogr. odkazy
|
| 546 |
|
|
|a Res. nem.
|
| 650 |
0 |
4 |
|a archeológia
|
| 650 |
0 |
4 |
|a archeologický prieskum
|
| 650 |
0 |
4 |
|a polykultúrne sídlisko
|
| 650 |
0 |
4 |
|a terénny prieskum
|
| 650 |
0 |
4 |
|a neolit
|
| 650 |
0 |
4 |
|a kultúra s lineárnou keramikou
|
| 650 |
0 |
4 |
|a eneolit
|
| 650 |
0 |
4 |
|a badenská kultúra
|
| 650 |
0 |
4 |
|a doba laténska neskorá
|
| 650 |
0 |
4 |
|a mladšia doba rímska
|
| 650 |
0 |
4 |
|a neskorý stredovek
|
| 651 |
|
4 |
|a Cabaj-Čápor (Slovensko)
|
| 700 |
1 |
|
|a Ožďáni, Ondrej
|4 aut
|
| 773 |
0 |
|
|t Archeologické výskumy a nálezy na Slovensku v roku 2003
|d Nitra : Archeologický ústav SAV v Nitre, 2004
|g S. 79-80
|z 8088709733
|
| 958 |
|
|
|a SK
|
| 958 |
|
|
|a NB
|
| 974 |
|
|
|a Va
|
| 992 |
|
|
|a RZB
|
| BAS |
|
|
|
| 852 |
|
|
|a SVKKK
|b BIB
|
| EXP |
|
|
|
| 998 |
|
|
|a SLO
|